Extrémális és intermediális statisztikák lineáris kombinációinak határeloszlásai

Elmentve itt :
Bibliográfiai részletek
Szerző: Viharos László
További közreműködők: Csörgő Sándor (Témavezető)
Dokumentumtípus: Disszertáció
Megjelent: 1991
Kulcsszavak:Matematika
Tárgyszavak:
Online Access:http://doktori.ek.szte.hu/4680
LEADER 00854nta a2200217 i 4500
001 dokt4680
005 20220506162532.0
008 220506s1991 hu om 0|| hun d
040 |a SZTE Doktori Repozitórium  |b hun 
041 |a hun 
100 1 |a Viharos László 
245 1 0 |a Extrémális és intermediális statisztikák lineáris kombinációinak határeloszlásai  |h [elektronikus dokumentum] /  |c  Viharos László 
260 |c 1991 
502 |a Disszertacio 
650 4 |a matematika- és számítástudományok 
650 4 |a Természettudományok 
650 4 |a Matematika 
695 |a Matematika 
700 1 |a Csörgő Sándor  |e ths 
856 4 0 |u https://doktori.bibl.u-szeged.hu/id/eprint/4680/1/1991_viharos_laszlo.pdf  |z Dokumentum-elérés  
856 4 0 |u https://doktori.bibl.u-szeged.hu/id/eprint/4680/2/1991_viharos_laszlo_melleklet.pdf  |z Dokumentum-elérés